| 000 | 00565cam a2200229ua 4500 | ||
|---|---|---|---|
| 020 | _c5.75 | ||
| 041 |
_aeng _h |
||
| 082 |
_a581 _bTHO/IN |
||
| 100 | _aThomas , K J . | ||
| 245 |
_aIntroductoin to botany / _cK J Thomas. _hTextual Documents |
||
| 250 |
_a4 / _b. |
||
| 260 |
_aThiruvananthapuram : _bEducational Publications and Book Depot , _c1968. |
||
| 300 | _a286 ; . | ||
| 365 | _a5.75 | ||
| 504 | _a | ||
| 942 | _cBK | ||
| 999 |
_c9816 _d9816 |
||